000
00272nam a22001217a 4500
008
171123b xxu||||| |||| 00| 0 eng d
041
_a
eng
080
_a
82
100
_a
21
101
_a
GJL
245
_a
ANTHOLOGY OF AMERICAN LITERATURE
_c
MICHAEL,M,G
942
_2
udc
_c
BK
999
_c
38357
_d
38357